How the bond market works (Record no. 3704)

MARC details
000 -LEADER
fixed length control field 01008nam a2200193 4500
020 ## - INTERNATIONAL STANDARD BOOK NUMBER
ISBN 9788120312234
050 ## - CALL NUMBER
Classification number HG4651
Item number .H68
100 ## - AUTHOR
Personal name staff of New York Institute of Finance.
245 ## - TITLE
Title How the bond market works
Statement of responsibility, etc staff of New York Institute of Finance.
250 ## - EDITION
Edition statement Eastern economy edition
260 ## - PUBLICATION INFORMATION
Place of publication New Delhi
Name of publisher Prentice Hall
Year of publication 1988
300 ## - DESCRIPTION
Number of Pages x, 278p;
Other physical details ill;
Dimensions 23cm
500 ## - NOTES
General note Includes index.
505 ## - FORMATTED CONTENTS NOTE
Table of Content Introduction ix<br/>Chapter 1<br/> Riding the yield curve 1<br/>Chapter 2<br/>The fixed-Income marketplace 23<br/>Chapter 3 <br/>The fed 31<br/>Chapter 4<br/>The U.S. Government securities market treasuries 52<br/>Chapter 5<br/>The U. S. Government securities market agency and mortgage-backed securities 68<br/>Chapter 6<br/>Inside a primary dealer 95<br/>Chapter 7<br/>Municipal debt 130<br/>Chapter 8<br/>Corporate bonds 157<br/>Chapter 9<br/>The secondary market 181<br/>Glossary 201<br/>Index 269
650 ## - SUBJECTS
Topical Term Bonds.
650 ## - SUBJECTS
Topical Term Government securities
650 ## - SUBJECTS
Topical Term Bond market
942 ## - ADDED ENTRY ELEMENTS (KOHA)
Koha item type Books
Holdings
Withdrawn status Lost status Collection code Home library Current library Shelving location Date acquired Full call number Accession Number Koha item type
    Reference Methodist University Library Main Methodist University Library Main General Stacks 16/10/2004 HG4651 .H68 16095 Books
    Reference Methodist University Library Main Methodist University Library Main General Stacks 16/10/2004 HG4651 .H68 13891 Books
      Methodist University Library Main Methodist University Library Main General Stacks 16/10/2004 HG4651 .H68 13892 Books
Copyright © 2026  MUG Library